Online
Catalog

C++ : (Record no. 1593)

MARC details
000 -CABECERA
campo de control de longitud fija 00975cam a2200253 a 4500
001 - NÚMERO DE CONTROL
campo de control 000001715
005 - FECHA Y HORA DE LA ÚLTIMA TRANSACCIÓN
campo de control 20200929145655.0
008 - DATOS DE LONGITUD FIJA--INFORMACIÓN GENERAL
campo de control de longitud fija 900221s1992 mx a b 001 0 spa
020 ## - NÚMERO INTERNACIONAL ESTÁNDAR DEL LIBRO
Número Internacional Estándar del Libro 9688802573
020 ## - NÚMERO INTERNACIONAL ESTÁNDAR DEL LIBRO
Número Internacional Estándar del Libro 0131741292
040 ## - FUENTE DE LA CATALOGACIÓN
Centro catalogador/agencia de origen DO-SdBNP
Centro/agencia transcriptor DLC
Centro/agencia modificador DLC
041 17 - CÓDIGO DE LENGUA
Código de lengua del texto/banda sonora o título independiente eng
Código de lengua original spa
Fuente del código Código de idioma MARC
082 ## - NÚMERO DE LA CLASIFICACIÓN DECIMAL DEWEY
Número de clasificación 005.133
Número de documento/Ítem H473g
100 1# - ENTRADA PRINCIPAL--NOMBRE DE PERSONA
Nombre de persona Hekmatpour, Sharam
9 (RLIN) 5581
245 10 - MENCIÓN DE TÍTULO
Título C++ :
Resto del título guía para programadores en C /
Mención de responsabilidad, etc. Sharam Hekmatpour ; traducción de Oscar Alfredo Palmas Velasco ; revisión técnica Isabel Quintas.
260 ## - PUBLICACIÓN, DISTRIBUCIÓN, ETC.
Lugar de publicación, distribución, etc. México :
Nombre del editor, distribuidor, etc. Prentice Hall Hispanoamericana,
Fecha de publicación, distribución, etc. 1992.
300 ## - DESCRIPCIÓN FÍSICA
Extensión x, 263 p. :
Otras características físicas il. ;
Dimensiones 23 cm.
500 ## - NOTA GENERAL
Nota general Título original: C++ a book and disk guide for C programmers
504 ## - NOTA DE BIBLIOGRAFÍA, ETC.
Nota de bibliografía, etc. Bibliografía: (p. 259-260)
650 #4 - PUNTO DE ACCESO ADICIONAL DE MATERIA--TÉRMINO DE MATERIA
Término de materia o nombre geográfico como elemento de entrada C++ (lenguaje de programación para computadores)
9 (RLIN) 5582
700 1# - PUNTO DE ACCESO ADICIONAL--NOMBRE DE PERSONA
Nombre de persona Palmas Velasco, Oscar Alfredo ;
Término indicativo de función/relación tr.
9 (RLIN) 98
700 1# - PUNTO DE ACCESO ADICIONAL--NOMBRE DE PERSONA
Nombre de persona Quintas, Isabel ;
Término indicativo de función/relación rev.
9 (RLIN) 5583
910 ## - DATOS DE OPCIÓN DEL USUARIO (OCLC)
Datos de opción del usuario Catalogación por copia / LC
Holdings
Estado de retiro Estado de pérdida Restricciones de uso No para préstamo Código de colección Localización permanente Ubicación/localización actual Ubicación en estantería Fecha de adquisición Fuente de adquisición Número de inventario Total de préstamos Signatura topográfica completa Código de barras Fecha visto por última vez Precio válido a partir de Tipo de ítem Koha Número de copia
    Préstamo interno   Monografías: Libros y Folletos General General Depósito 06.07.2009 002344 LF1   005.133 H473g 1715-10 25.06.2020 25.06.2020 Préstamo interno  
    Préstamo restringido Préstamo restrigido Monografías: Libros y Folletos General General Depósito 06.07.2009 002344 LF1   005.133 H473g 1715-20 25.06.2020 25.06.2020 Préstamo interno e.2

Powered by Koha